000 00343nam a2200121Ia 4500
008 231129s9999||||xx |||||||||||||| ||spa||
040 _bspa
082 _a(i) Co863 C112to
100 _aCaballero Calderon Eduardo
245 0 _aTodo por un florero; El corneta llanero; El zapatero soldado
264 _aCirculo de Lectores
942 _2ddc
_cBKS
999 _c25462
_d25462